|
|
|
|
| LEADER |
01281nab#a2200397#ar4500 |
| 001 |
000000156 |
| 003 |
SVKKK |
| 005 |
00000000000000.0 |
| 008 |
c xo e engo |
| FMT |
|
|
|
| 038 |
|
|
|a SVKKK
|
| 040 |
|
|
|a SVKKK
|b slo
|e AACR2
|
| 041 |
0 |
|
|a eng
|b slo
|
| 044 |
|
|
|a xo
|c SK
|
| 080 |
|
|
|a 551.3"615
|2 1981
|
| 080 |
|
|
|a 551.763.
|2 1981
|
| 080 |
|
|
|a 553.55
|2 1981
|
| 242 |
1 |
0 |
|a Nová varieta kysuckej sukcesie pieninského bradlového pásma z bradla Horná Lysá (Vršatec)
|
| 245 |
0 |
0 |
|a Horná Lysá (Vršatec) - a new variety of the Kysuca Succession in the Pieniny Klippen Belt
|c Mišík Milan ... [et al.]
|
| 300 |
|
|
|b Obr. 2, +
|e 6
|
| 504 |
|
|
|a Res. slov., lit. 23 zázn. v angl., franc., nem., špan
|
| 650 |
0 |
4 |
|a Západné Karpaty
|x Pieninské bradlové pásmo (Vršatec)
|
| 650 |
0 |
4 |
|a krieda spodná
|
| 650 |
0 |
4 |
|a vápence
|x charakteristika
|x sedimentácia pelagická
|x výskumy
|x analýzy
|
| 700 |
1 |
|
|a Aubrecht, Roman
|4 com
|
| 700 |
1 |
|
|a Mišík, Milan
|4 com
|
| 700 |
1 |
|
|a Ožvoldová, Ladislava
|4 com
|
| 700 |
1 |
|
|a Sýkora, Milan
|4 com
|
| 773 |
0 |
|
|t Mineralia slovaca
|x 0369-2086
|g Roč. 26, č. 1(1994), s. 7-19
|
| 958 |
|
|
|a MS
|
| 958 |
|
|
|a NP
|
| 974 |
|
|
|d 940513
|a 246
|
| 992 |
|
|
|a RBX
|
| BAS |
|
|
|
| 852 |
|
|
|a SVKKK
|b BIB
|
| 998 |
|
|
|a GEO
|